| 000 | 00509nam a2200193 a 4500 | ||
|---|---|---|---|
| 001 | 0370 | ||
| 005 | 20140414132022.0 | ||
| 008 | 040910s19uu xx 00 eng d | ||
| 020 | _a0-590-44156-6 | ||
| 050 |
_aTR _bJ22 1983 |
||
| 100 | _aDegen, Bruce | ||
| 245 |
_aJamberry / _cStory and pictures by Bruce Degen. |
||
| 260 |
_aNew York : _bScholastic, _c1983. |
||
| 300 | _a1 v. (unp.) : ill. ; cm. | ||
| 650 |
_aBerries _xfiction. |
||
| 650 | _aChildren stories. | ||
| 999 |
_c113490 _d113490 |
||